00623nam a2200157 i 4500001000700000003000900007005001700016008004100033040003000074100002600104245007900130260007700209300003800286600004200324852009900366154409ES-MaACL20241027184922.0990714s1898 sp |||| | spa d aCCPB | B bspa cCCPB | B1 aGómez Chaix, Pedro.10aPedro Gómez Sancho b: estudio biográfico / cpor Pedro Gómez Chaix. aMadrid : b[s.n.], c1898 (fImprenta de los Hijos de M. G. Hernández) a30 p., [1] h. de retr. ; c22 cm.14aGómez Sancho, Pedro-vBiografías. aES-MaACLjT-1449-F-4z-- Enc. hol., conservando la cub. original z-- Enc. en un vol. facticio